Classement LDC saison 2025/2026 - Statistiques

Statistiques générales
  • Ce quiz a été pris 60 fois
  • Le résultat moyen est 19 sur 36
Statistiques - réponses
Hint Réponse % Correct
1 Arsenal
95%
2 Bayern Munich
95%
11 Paris St Germain
91%
5 Barcelone
89%
3 Liverpool
82%
8 Manchester City
82%
9 Real Madrid
82%
7 Sporting
82%
14 Atlético Madrid
80%
10 Inter Milan
80%
21 Monaco
80%
25 Marseille
77%
6 Chelsea
73%
23 Bodo Glimt
68%
4 Tottenham
66%
24 Benfica
64%
13 Juventus
55%
15 Atalanta
52%
30 Naples
52%
32 Ajax Amsterdam
45%
17 Borussia Dortmund
41%
12 Newcastle
41%
16 Bayer Leverkusen
39%
35 Villareal
36%
20 Galatasaray
27%
36 Kairat Almaty
23%
26 Pafos
23%
28 PSV Eindhoven
23%
19 Club Bruges
20%
18 Olympiakos
20%
22 Qarabag
20%
27 Union St Gilloise
16%
29 Atlétic Bilbao
14%
34 Slavia Prague
14%
31 Copenhague
9%
33 Francfort
9%
Aucun quiz correspondant
Distribution des résultats
% des personnes avec chaque résultat
Percentile par nombre de réponses
Votre historique - résultats
Vous n’avez pas pris ce quiz